Normal view
MARC view
Entry Personal Name
001 - CONTROL NUMBER
- control field: 77862
003 - CONTROL NUMBER IDENTIFIER
- control field: OSt
005 - DATE AND TIME OF LATEST TRANSACTION
- control field: 20200118123807.0
008 - FIXED-LENGTH DATA ELEMENTS
- fixed length control field: 200118|| aca||aabn | a|a d
040 ## - CATALOGING SOURCE
- Original cataloging agency: OSt
- Transcribing agency: OSt
100 ## - HEADING--PERSONAL NAME
- Personal name: संपा. जितेन्द्र तिवारी
670 ## - SOURCE DATA FOUND
- Source citation: Work cat.: (OSt): संपा. जितेन्द्र तिवारी , संवाद पुरूष प्रो देवेंद्र स्वरूप , 2019









